Online
Catalog

Estudios críticos acerca de la dominacion española en América / (Record no. 33284)

MARC details
000 -CABECERA
campo de control de longitud fija 00574nam a2200181 a 4500
001 - NÚMERO DE CONTROL
campo de control 000033793
005 - FECHA Y HORA DE LA ÚLTIMA TRANSACCIÓN
campo de control 20200930070525.0
008 - DATOS DE LONGITUD FIJA--INFORMACIÓN GENERAL
campo de control de longitud fija 110912s1889 es 000 0 spa d
040 ## - FUENTE DE LA CATALOGACIÓN
Centro catalogador/agencia de origen DO-SdBNP
Lengua de catalogación spa
Centro/agencia transcriptor BNPHU
049 ## - FONDOS LOCALES (OCLC)
Fondos de biblioteca BNPD
100 1# - ENTRADA PRINCIPAL--NOMBRE DE PERSONA
Nombre de persona Cappa, Ricardo
9 (RLIN) 59214
245 10 - MENCIÓN DE TÍTULO
Título Estudios críticos acerca de la dominacion española en América /
Mención de responsabilidad, etc. Ricardo Cappa
Número de parte o sección de la obra Parte primera
250 ## - MENCIÓN DE EDICIÓN
Mención de edición 3a ed.
260 ## - PUBLICACIÓN, DISTRIBUCIÓN, ETC.
Lugar de publicación, distribución, etc. Madrid :
Nombre del editor, distribuidor, etc. Imp. del Asilo de Huérfanos,
Fecha de publicación, distribución, etc. 1889.
300 ## - DESCRIPCIÓN FÍSICA
Extensión 439 p. ;
Dimensiones 17 cm.
500 ## - NOTA GENERAL
Nota general Incluye índice
505 2# - NOTA DE CONTENIDO CON FORMATO
Título Parte primera, Colón y los españoles
Holdings
Estado de retiro Estado de pérdida Restricciones de uso No para préstamo Código de colección Localización permanente Ubicación/localización actual Ubicación en estantería Fecha de adquisición Número de inventario Total de préstamos Signatura topográfica completa Código de barras Fecha visto por última vez Precio válido a partir de Tipo de ítem Koha
      Excluido de préstamo Raros y valiosos Patrimonio Dominicano Patrimonio Dominicano En catalogación 12.09.2011 LF1   33793-10 25.06.2020 25.06.2020 No se presta

Powered by Koha